000
00359nam a2200157Ia 4500
008
100122s9999 xx 000 0 und d
082
_b
26998
_a
823
100
_a
DEAN DUDLEY
245
_a
LILA MY LOVELY
250
_a
0
260
_b
FAWCETT PUBLICATION
_c
1960
300
_a
220
630
_a
LILA MY LOVELY
730
_a
LILA MY LOVELY
942
_c
BOOK
999
_c
368357
_d
368354